| 000 | 00399nam a2200133Ia 4500 | ||
|---|---|---|---|
| 008 | 211119s9999||||xx |||||||||||||| ||und|| | ||
| 082 |
_a823 _bTEJ-V |
||
| 100 | _aTejpal, Tarun J | ||
| 245 | 0 | _aValley of Masks | |
| 260 |
_bHarpercollins _aNoida _c2013 |
||
| 300 | _a375p | ||
| 650 |
_a Literature & rhetoric _v English & Old English literaturesEnglish fictionEnglish _xGeneral Stack |
||
| 942 | _cBOOK | ||
| 999 |
_c118356 _d118356 |
||